Countries With the Letter I - Statistics

General Stats
  • This quiz has been taken 208 times
    185 since last reset
  • The average score is 100 of 119
Answer Stats
Countries % Correct
India
96%
Indonesia
95%
Italy
95%
Australia
92%
Brazil
92%
Iraq
92%
United Kingdom
92%
Austria
91%
Iceland
91%
Iran
91%
Ireland
91%
Russia
91%
Turkmenistan
91%
United Statesof America
91%
Albania
90%
Algeria
90%
Bolivia
90%
China
90%
Ethiopia
90%
Israel
90%
Libya
90%
Spain
90%
Thailand
90%
Vatican City
90%
Vietnam
90%
Argentina
88%
Armenia
88%
Belgium
88%
Niger
88%
Pakistan
88%
Switzerland
88%
Tajikistan
88%
Uzbekistan
88%
Zimbabwe
88%
Azerbaijan
87%
Chile
87%
Finland
87%
Guinea
87%
Liechtenstein
87%
Mexico
87%
United ArabEmirates
87%
Fiji
86%
Latvia
86%
Lithuania
86%
Nigeria
86%
South Africa
86%
Ukraine
86%
Zambia
86%
Afghanistan
85%
Bosnia andHerzegovina
85%
Costa Rica
85%
Croatia
85%
Dominican Republic
85%
Estonia
85%
Haiti
85%
Mongolia
85%
Saint Lucia
85%
Somalia
85%
Cambodia
83%
Colombia
83%
Kuwait
83%
Liberia
83%
Saudi Arabia
83%
Central AfricanRepublic
82%
Dominica
82%
Eritrea
82%
Gambia
82%
Ivory Coast
82%
Kiribati
82%
Maldives
82%
Mauritania
82%
Romania
82%
Saint Kittsand Nevis
82%
Saint Vincent andthe Grenadines
82%
San Marino
82%
Slovakia
82%
Slovenia
82%
Suriname
82%
Tanzania
82%
Antigua andBarbuda
81%
Belize
81%
Benin
81%
Democratic Republicof the Congo
81%
Malaysia
81%
Mali
81%
Namibia
81%
Papua New Guinea
81%
Singapore
81%
Sri Lanka
81%
Syria
81%
Trinidad andTobago
81%
Equatorial Guinea
79%
Eswatini
79%
Guinea-Bissau
79%
Malawi
79%
Republic ofthe Congo
79%
Tunisia
79%
Burkina Faso
78%
Jamaica
78%
Mozambique
78%
Nicaragua
78%
North Macedonia
78%
Philippines
78%
Serbia
78%
Taiwan
78%
Djibouti
77%
Marshall Islands
77%
Mauritius
77%
Brunei
76%
Bulgaria
76%
Burundi
76%
Georgia
76%
Bahrain
74%
Czech Republic
74%
Solomon Islands
73%
East Timor
72%
Federated Statesof Micronesia
72%
Sao Tome andPrincipe
72%
Sierra Leone
71%
No matching quizzes found
Score Distribution
Percent of People with Each Score
Percentile by Number Answered
Your Score History
You have not taken this quiz since the last reset